000 00738nam a22002177a 4500
999 _c19466
_d19466
003 AR-CdUCM
008 190517b ||||| |||| 00| 0 spa d
040 _aMUNICIPALIDAD PROVINCIAL DEL CUSCO
_cBIBLIOTECA MUNICIPAL DEL CUSCO
041 _heng
082 _a720.93 /
_bB94
100 _aBurchard, John Ely
_940805
245 _aLa arquitectura en los Estados Unidos :
_bsu influencia social y cultural /
260 _aMéxico, D.F :
_bEdit. Letras,
_c1963.
300 _a744 páginas ;
_bFotografías,
_c21 cm.
505 _aContenido: Arquitectura estadounidense.
650 _aArquitectura estadounidense
_940806
650 _aHistoria
_9136
650 _aEstados unidos
_929155
942 _2ddc
_cLIBROS
945 _adavv
_d2019-05-17